000 00762nam a2200253 a 4500
999 _c1645
_d1645
007 ta
008 200114s2001 ii ||||g u|||f00| 0 eng d
020 _cRs. 90.00
040 _aKO
_beng
041 0 _aeng
044 _aii
082 0 4 _223
_a623.8537
_bIS14906:2001
110 2 _aBureau of Indian Standards
245 1 0 _aAir-Conditioning and Ventilation of Wheelhouse on Board Ships- Design Conditions and Basis of Calculations
260 _aNew Delhi :
_bBureau of Indian Standards,
_c2001
300 _a3 p. ;
_c30 cm.
490 0 _aIndian Standard ;
_vIS 14906 : 2001
650 0 _aShips
_xAir quality
_xStandards
_zIndia
650 0 _aShips
_xAir conditioning
_xStandards
_zIndia
904 _aRUDRA_R
905 _aR_RANJAN
942 _cRT